Statistiken für Alle Pokémon mit "Y"

Klicken Sie hier um das Quiz zu spielen!

Allgemein

  • Dieses Quiz wurde 18 mal gespielt
  • Das Durchschnittsergebnis liegt bei 4 aus 5

Antwortstatistiken

TypPokémon% Korrekt
Unlicht / FlugYveltal
100%
Käfer / FlugYanma
80%
Käfer / FlugYanmega
80%
Normal ✳Yorkleff
50%
Unlicht / FeuerYuyu
50%

Verteilung der Resultate

Perzentil nach korrekt beantworteten Fragen

Anzahl Personen mit jedem Resultat

Ihre Resultats-Entwicklung

Sie haben dieses Quiz noch nicht gespielt